|
|
|
|
| LEADER |
01177nam a2200289Ia 4500 |
| 001 |
TVU_32061 |
| 008 |
210423s9999 xx 000 0 und d |
| 041 |
|
|
|a Vie
|
| 082 |
|
|
|a 332.743
|
| 082 |
|
|
|b Kh401
|
| 100 |
|
|
|a Nguyễn, Đăng Khoa
|
| 245 |
|
0 |
|a Giải pháp phát triển cho vay tiêu dùng đối với khách hàng cá nhân tại Ngân hàng Thương mại cổ phần Đầu tư và Phát triển Việt Nam - Chi nhánh Trà Vinh
|
| 245 |
|
0 |
|b Luận văn thạc sĩ. Chuyên ngành: Quản trị Kinh doanh. Mã ngành: 8340101
|
| 245 |
|
0 |
|c Nguyễn Đăng Khoa ; Vũ Minh Tâm (hướng dẫn khoa học)
|
| 260 |
|
|
|a Trà Vinh
|
| 260 |
|
|
|b Trường Đại học Trà Vinh
|
| 260 |
|
|
|c 2019
|
| 300 |
|
|
|a x, 63, 12 tr.
|
| 300 |
|
|
|b minh họa
|
| 300 |
|
|
|c 30 cm
|
| 504 |
|
|
|a Thư mục: tr. 62-63
|
| 650 |
|
|
|a Vay ngân hàng; Ngân hàng và nghiệp vụ ngân hàng; Tín dụng ngân hàng
|
| 700 |
|
|
|a Nguyễn Đăng Khoa; Vũ Minh Tâm
|
| 700 |
|
|
|e hướng dẫn khoa học
|
| 710 |
|
|
|a Ủy ban Nhân dân tỉnh Trà Vinh
|
| 710 |
|
|
|b Trường Đại học Trà Vinh
|
| 980 |
|
|
|a Trung tâm Học liệu Trường Đại học Trà Vinh
|